00827nab a22002057a 4500999001500000003000400015005001700019008004100036040000700077100003600084245010400120300001500224505009300239505007200332650003500404650002800439650003700467773010400504942001300608 c5854d5854OSt20260108221611.0190514b xxu||||| |||| 00| 0 spa d cPJ 94538aMolina de Juan, Mariel F.10aBalance, consolidación y desafíos de la compensación económica /cMariel F. Molina de Juan. ap. 120-132 aSumario: I. Introducción.— II. Debates.— III. Consolidación.— IV. Desafíos.  tSi te interesa el texto, comunicate a koha@justierradelfuego.gov.ar 091497aCODIGO CIVIL Y COMERCIAL 09967aDERECHO DE FAMILIA 095830aCOMPENSACIÓN ECONÓMICA0 0284493222dBuenos Aires : AbeledoPerrot, 1989-tDerecho de familia. N° 120 - Julio 2025z18511201 2udccANA